Black artists shaping the world / (Record no. 30270)
[ view plain ]
| 000 -LEADER | |
|---|---|
| fixed length control field | 02156cam a2200409 i 4500 |
| 001 - CONTROL NUMBER | |
| control field | 21918125 |
| 003 - CONTROL NUMBER IDENTIFIER | |
| control field | EG-ScBUE |
| 005 - DATE AND TIME OF LATEST TRANSACTION | |
| control field | 20230405101417.0 |
| 008 - FIXED-LENGTH DATA ELEMENTS--GENERAL INFORMATION | |
| fixed length control field | 210226r20222021enka j b 001 0deng d |
| 020 ## - INTERNATIONAL STANDARD BOOK NUMBER | |
| International Standard Book Number | 9780500652596 |
| 020 ## - INTERNATIONAL STANDARD BOOK NUMBER | |
| International Standard Book Number | 0500652597 |
| 035 ## - SYSTEM CONTROL NUMBER | |
| System control number | (OCoLC)on1263795845 |
| 040 ## - CATALOGING SOURCE | |
| Original cataloging agency | UKMGB |
| Language of cataloging | eng |
| Description conventions | rda |
| Transcribing agency | UKMGB |
| Modifying agency | OCLCO |
| -- | BDX |
| -- | OCLCF |
| -- | LMJ |
| -- | UAB |
| -- | GZD |
| -- | CAM |
| -- | GO3 |
| -- | OQX |
| -- | EHH |
| -- | Z#6 |
| -- | OCL |
| -- | OCLCO |
| -- | UAP |
| -- | YDX |
| -- | OCLCO |
| -- | FHP |
| -- | DLC |
| -- | EG-ScBUE |
| 082 04 - DEWEY DECIMAL CLASSIFICATION NUMBER | |
| Classification number | 709.2396 |
| Edition number | 22 |
| Item number | JAC |
| 100 1# - MAIN ENTRY--PERSONAL NAME | |
| Personal name | Jackson, Sharna, |
| Relator term | author. |
| 245 10 - TITLE STATEMENT | |
| Title | Black artists shaping the world / |
| Statement of responsibility, etc | by Sharna Jackson ; consultant Dr Zoé Whitley. |
| 250 ## - EDITION STATEMENT | |
| Edition statement | Reprinted edition. |
| 264 #1 - PUBLICATION, DISTRIBUTION, ETC. (IMPRINT) | |
| Place of publication, distribution, etc | London : |
| Name of publisher, distributor, etc | Thames & Hudson Ltd, |
| Date of publication, distribution, etc | 2022. |
| 300 ## - PHYSICAL DESCRIPTION | |
| Extent | 143 pages : |
| Other physical details | illustrations (some color) ; |
| Dimensions | 25 cm |
| 336 ## - CONTENT TYPE | |
| Content type term | text |
| Content type code | txt |
| Source | rdacontent |
| 336 ## - CONTENT TYPE | |
| Content type term | still image |
| Content type code | sti |
| Source | rdacontent |
| 337 ## - MEDIA TYPE | |
| Media type term | unmediated |
| Media type code | n |
| Source | rdamedia |
| 338 ## - CARRIER TYPE | |
| Carrier type term | volume |
| Carrier type code | nc |
| Source | rdacarrier |
| 504 ## - BIBLIOGRAPHY, ETC. NOTE | |
| Bibliography, etc | Includes bibliographical references and index. |
| 505 0# - FORMATTED CONTENTS NOTE | |
| Formatted contents note | Larry Achiampong -- El Anatsui -- Sonia Boyce -- María Magdalena Campos-Pons -- Nick Cave -- Joana Choumali -- Lubaina Himid -- Kamala Ibrahim Ishag -- Rosemary Karuga -- Abdoulaye Koneté -- Ibrahim Mahama -- Kerry James Marshall -- Zanele Muholi -- Magdalene A.N. Odundo DBE, Obe -- Harold Offeh -- Chris Ofili -- Emeka Ogboh -- Toyin Ojih Odutola -- Zizipho Poswa -- Faith Ringgold -- Athi-Patra Ruga -- Amy Sherald -- Yinka Shonibare CBE (RA) -- Carrie Mae Weems -- Kehinde Wiley -- Lynette Yiadom-Boakye. |
| 520 ## - SUMMARY, ETC. | |
| Summary, etc | Dedicated to the work of contemporary Black artists from around the world, this book is an introduction to artists from Africa and of African descent for young readers. |
| 650 #7 - SUBJECT ADDED ENTRY--TOPICAL TERM | |
| Topical term or geographic name as entry element | Artists, Black |
| Form subdivision | Juvenile literature. |
| Source of heading or term | BUEsh |
| 650 #7 - SUBJECT ADDED ENTRY--TOPICAL TERM | |
| Topical term or geographic name as entry element | African American artists |
| Form subdivision | Juvenile literature. |
| Source of heading or term | BUEsh |
| 650 #7 - SUBJECT ADDED ENTRY--TOPICAL TERM | |
| Topical term or geographic name as entry element | Artists, Black. |
| Source of heading or term | BUEsh |
| 650 #7 - SUBJECT ADDED ENTRY--TOPICAL TERM | |
| Topical term or geographic name as entry element | African American artists. |
| Source of heading or term | BUEsh |
| 653 ## - INDEX TERM--UNCONTROLLED | |
| Resource For college | Arts and Design |
| Arrived date list | April2023 |
| 655 ## - INDEX TERM--GENRE/FORM | |
| Form subdivision | Reading book |
| 700 1# - ADDED ENTRY--PERSONAL NAME | |
| Personal name | Whitley, Zoé, |
| Relator term | consultant. |
| 906 ## - LOCAL DATA ELEMENT F, LDF (RLIN) | |
| a | 7 |
| b | cbc |
| c | copycat |
| d | 2 |
| e | ncip |
| f | 20 |
| g | y-gencatlg |
| 942 ## - ADDED ENTRY ELEMENTS (KOHA) | |
| Source of classification or shelving scheme | Dewey Decimal Classification |
| Koha item type | Book - Borrowing |
| Withdrawn status | Lost status | Source of classification or shelving scheme | Damaged status | Not for loan | Collection code | Home library | Current library | Shelving location | Date acquired | Source of acquisition | Cost, normal purchase price | Serial Enumeration / chronology | Total Checkouts | Total Renewals | Full call number | Barcode | Checked out | Date last seen | Date checked out | Cost, replacement price | Price effective from | Koha item type |
|---|---|---|---|---|---|---|---|---|---|---|---|---|---|---|---|---|---|---|---|---|---|---|
| Dewey Decimal Classification | Baccah | Central Library | Central Library | Second Floor | 05/04/2023 | Purchase | 995.00 | 37311 | 1 | 7 | 709.2396 JAC | 000044919 | 17/05/2026 | 17/09/2025 | 17/09/2025 | 1245.75 | 05/04/2023 | Book - Borrowing |